Normal view MARC view

Entry Personal Name

Number of records used in: 6

001 - CONTROL NUMBER

  • control field: 18054

003 - CONTROL NUMBER IDENTIFIER

  • control field: dpl

005 - DATE AND TIME OF LATEST TRANSACTION

  • control field: 20100903114957.0

008 - FIXED-LENGTH DATA ELEMENTS

  • fixed length control field: 100903|||a|||||| | ||| d

040 ## - CATALOGING SOURCE

  • Original cataloging agency: dpl
  • Transcribing agency: dpl

100 ## - HEADING--PERSONAL NAME

  • Personal name: Vyas,Bharat

670 ## - SOURCE DATA FOUND

  • Source citation: Work cat.: (dpl): Bhosle, Asha 17816, Nari apani sakti ko phechan ''(Pati permeshwer)'' (Asha Bhosle)/

670 ## - SOURCE DATA FOUND

  • Source citation: Work cat.: (dpl): Bhosle, Asha 17816, Nari apani sakti ko phechan ''(Pati permeshwer)'' (Asha Bhosle)/

© Delhi Public Library
Hit Counter
free hit counter